00291 2200121 4500001002100000008004100021035002000062245002000082100001800102260002500120084001400145650001000159INLIS000000000001013 ind  a0010-0325001009 aBuat Apa Susah? aMansur, Yusuf bPT. KARYA KITAc2008 a297.MAN.B aAgama